000 00511nam a22001697a 4500
005 20251108172742.0
008 250721s2002 xx 000 0 ara d
082 1 4 _a658.402/لوز
100 1 _aاللوزي، موسى
_eمؤلف
245 1 0 _aالتنظيم وإجراءات العمل /
264 1 _aعمان :
_bدار وائل للنشر والتوزيع،
_c2002.
300 _a350ص.
650 1 7 _aإدارة الأعمال
650 1 7 _aتنظيم العمل
942 _2ddc
_cBK
999 _c87606
_d87606